| 000 | 01272cam a22003494a 4500 | ||
|---|---|---|---|
| 001 | 14163363 | ||
| 003 | OSt | ||
| 005 | 20140310181916.0 | ||
| 008 | 051101s2006 nyuab b 001 0 eng | ||
| 010 | _a 2005936627 | ||
| 020 | _a0764135023 (flexicover) | ||
| 020 | _a9780764135026 (flexicover) | ||
| 035 | _a(DLC)2005936627 | ||
| 040 |
_aDLC _cDLC _dDLC |
||
| 050 | 0 | 0 |
_aQH 45.5 _b.B855 2006 |
| 082 |
_aTR 525.22 _bB76 2006 |
||
| 100 | 1 |
_aBright, Michael. _9912 |
|
| 245 | 1 | 0 |
_aNatural history / _cMichael Bright. |
| 260 |
_aHauppauge, NY : _bBarrons, _c2006. |
||
| 300 |
_a144 p. : _bcol. ill., col. maps ; _c19 cm. |
||
| 490 | 0 | _aBarron's pocket factbooks | |
| 504 | _aIncludes bibliographical references (p. 144) and index. | ||
| 521 | _aFaculty. | ||
| 541 | _j1 | ||
| 562 | _e1 | ||
| 650 | 0 |
_aNatural history _vPopular works. _9913 |
|
| 856 | 4 | 2 |
_3Publisher description _uhttp://www.loc.gov/catdir/enhancements/fy0634/2005936627-d.html |
| 856 | 4 | 2 |
_3Contributor biographical information _uhttp://www.loc.gov/catdir/enhancements/fy0806/2005936627-b.html |
| 906 |
_a7 _bcbc _corignew _d2 _eepcn _f20 _gy-gencatlg |
||
| 942 |
_2lcc _cBK-TR _kTR |
||
| 999 |
_c6751 _d6751 |
||